000 00980cam a2200241 4500
008 000000n2000 000 0 eng u
020 _a1901930246
035 _a(Sirsi) u109439
050 _a711.73
100 _aByron, Helen
245 _aBiodiversity impact : biodiversity and environmental impact assessment : a good practice guide for road schemes.
260 _aSandy, Beds.
_bRSPB
_c2000
300 _aiv,119p. ; 30cm.
350 _a15.00
520 _aBased on research carried out at Imperial College, London, funded jointly by the UK Economic and Social Research Council and the Transport and Biodiversity Group (principally the RSPB, WWF-UK, English Nature and the Wildlife Trusts).
650 _aROAD SCHEMES
650 _aENVIRONMENTAL IMPACT ASSESSMENTS
650 _aHABITATS
650 _aPROPERTY-INFRASTRUCTURE-TRANSPORT INFRASTRUCTURE-ROAD INFRASTRUCTURE
650 _aECOSYSTEMS
690 _aENVIRONMENTAL AND LAND CONSULTANCY
942 _n0
999 _c100943
_d100943